000 00602nam a2200241Ia 4500
003 OSt
005 20220927112725.0
006 a|||||r|||| 00| 0
007 ta
008 220926b |||||||| |||| 00| 0 eng d
024 _a153602
037 _cReports
040 _aRTL
_cRTL
_beng
041 _2eng
_aeng
082 _aX9(D2).s
110 _a"India, Irrigation and Power (M/O-)"
_9384060
245 0 _aReport. 1971-72
260 _c1972
300 _a145p.
_ccm.
700 _a"India, Irrigation and Power (M/O-)"
_9384061
942 _hX9(D2).s
_cCC
999 _c700546
_d700546